00768 2200253 4500001002100000005001700021008004100038020001800079035002500097040001200122082001100134084002100145090002100166100002500187245008800212250001200300260005200312300003600364440003600400500002700436650001800463850001200481990002100493INLIS00000000000161920150127150342.0  a979-420-814-0 a0010-011500000000259 aYOPDYOG a001.42 aDEP 001.42 Sri A aDEP 001.42 Sri A aSRI HARYATMI KARTIKO aAnalisis data eksploratifbMenggunakan software open sourcec/ Sri Haryatmi Kartiko aCet. 1. aYogyakartabGadjha Mada Universitas Pressc2013 aXIV, 211 hlmb,; ilusc,; 23 cm aMenggunakan softwer open source aBibliografi : hlm. 207 aAnalisis data aYOPDYOG aCB-D.112013-1261